000 01971cam a2200337 a 4500
001 14687309
003 OSt
005 20240213144404.0
008 070105s2007 nyua 000 0 eng
010 _a 2007000505
020 _a9781580931847
020 _a1580931847 (alk. paper)
035 _a(OCoLC)ocm77574115
035 _a(OCoLC)77574115
040 _aDLC
_cDLC
_dBAKER
_dBTCTA
_dC#P
_dYDXCP
_dDLC
043 _an-us---
050 0 0 _aNA737.P48
_bA4 2007
082 0 0 _a720.92273
_222
_bARC
245 0 0 _aArchitecture on architecture :
_bPlatt Byard Dovell White /
_cintroduction by Kenneth Frampton.
260 _aNew York, N.Y. :
_bMonacelli Press,
_c2007.
300 _a184 p. :
_bill. (chiefly col.) ;
_c24 x 25 cm.
505 0 _aBetween old and new / Kenneth Frampton -- Architecture's argument / Paul Spencer Byard -- Reece School -- Saginaw Art Museum -- Appellate Division Courthouse -- 47 East 91st Street -- Bridgehampton Residence -- Equinox Fitness clubs -- The Brearley School -- Green-Wood Mausoleum -- Congregation Shearith Israel -- Cedar Lake ensemble -- Charles A. Dana Discovery Center -- The Andrew W. Mellon Foundation -- Spence Lower School -- Green-Wood Columbarium -- Foundation building, the Cooper Union -- 110 + Broadway -- Poly Prep Lower School -- Pittwater House -- Chanel Headquarters -- Casa Italiana, Columbia University -- 50 Madison -- New 42nd Street studios -- PBDW timeline -- Acknowledgments.
610 2 0 _aPlatt Byard Dovell White.
_9120343
650 0 _aArchitecture
_zUnited States
_xHistory
_y20th century.
_932294
650 0 _aArchitecture
_zUnited States
_xHistory
_y21st century.
_932483
710 2 _aPlatt Byard Dovell White.
_9120343
856 4 1 _3Table of contents only
_uhttp://www.loc.gov/catdir/toc/ecip078/2007000505.html
906 _a7
_bcbc
_corignew
_d1
_eecip
_f20
_gy-gencatlg
942 _2ddc
_cBK
999 _c607689
_d607689